Сборник рескриптов и писем императора Александра I Алексею Андреевичу Аракчееву

Доступно только в Электронных читальных залах Найти на картеНа карте
RUSMARC
00004025nmc2a2200000 x 450
001f2b60c0c-50a2-44b0-9866-30b73f87a829
00520160811162347.0
100##$a20140306l18201825k l0rusy0189 ca
1010#$arus
102##$aRU
2001#$aСборник рескриптов и писем императора Александра I Алексею Андреевичу Аракчееву
$j[1820-е] гг.
251##$cДело
300##$aДело
300##$aОриг. заголовок дела: Рескрипты на имя графа Аракчеева в последнее время жизни императора Александра I
801#0$aRU
$bРГИА
$c20140306
$gRCR
801#1$aRU
$bГлавНИВЦ
$c20140306
$2rusmarc
801#2$aRU
$bПБ им. Б.Н. Ельцина
$c20160811
$gRCR
$2rusmarc
850##$aРГИА
852##$aРГИА
$eФедеральное казенное учреждение "Российский государственный исторический архив" (РГИА)
$j140
$lб
937##$hРГИА
$d11267572
$aASBIBLIO_SCAN
462#0$100170c7304f-cf89-4a57-8a64-4694bdd44686
$12001
$aОпись архива Арсения Андреевича Закревского
$1251
$cОпись
$1852
$j1
461#0$10012c90f470-9098-4643-889c-002bc7e4c9b0
$12001
$aЗакревский Арсений Андреевич, граф (1783-1865), адъютант генералов Н. М. Каменского и М. Б. Барклая де Толли; дежурный генерал Главного штаба, финляндский генерал-губернатор, министр внутренних дел, московский генерал-губернатор
$1251
$cФонд
$1852
$j660
215##$a15 л.
$d36,5х26 см
371##$aДокумент не является опубликованным и широко распространяемым
105##$ay###
1222#$ad
5171#$aРескрипты на имя графа Аракчеева в последнее время жизни императора Александра I.
035##$af2b60c0c-50a2-44b0-9866-30b73f87a829
Формат отображения